<?xml version="1.0" encoding="UTF-8"?>
<record
    xmlns:xsi="http://www.w3.org/2001/XMLSchema-instance"
    xsi:schemaLocation="http://www.loc.gov/MARC21/slim http://www.loc.gov/standards/marcxml/schema/MARC21slim.xsd"
    xmlns="http://www.loc.gov/MARC21/slim">

  <leader>00771nam a2200217 a 4500</leader>
  <controlfield tag="001"> 37940</controlfield>
  <controlfield tag="003">BD-RjUL</controlfield>
  <controlfield tag="005">20211218114009.0</controlfield>
  <controlfield tag="008">211218s1964    pk |||||||||||||||||per d</controlfield>
  <datafield tag="035" ind1=" " ind2=" ">
    <subfield code="a">(BD-RjUL) 37940</subfield>
  </datafield>
  <datafield tag="040" ind1=" " ind2=" ">
    <subfield code="a">NNL</subfield>
    <subfield code="b">eng</subfield>
    <subfield code="c">BD-RjUL</subfield>
  </datafield>
  <datafield tag="041" ind1="0" ind2=" ">
    <subfield code="a">per</subfield>
  </datafield>
  <datafield tag="082" ind1=" " ind2=" ">
    <subfield code="2">23</subfield>
    <subfield code="a">891.551</subfield>
    <subfield code="b">IQA 1964</subfield>
  </datafield>
  <datafield tag="100" ind1="1" ind2=" ">
    <subfield code="a">Iqbal, Muhammad, ;; &#x627;&#x642;&#x628;&#x627;&#x644;&#x60C; &#x645;&#x62D;&#x645;&#x651;&#x62F;&#x60C;&#x200F; </subfield>
    <subfield code="9">229</subfield>
    <subfield code="d">1877-1938</subfield>
  </datafield>
  <datafield tag="245" ind1=" " ind2=" ">
    <subfield code="a">&#x627;&#x631;&#x645;&#x63A;&#x627;&#x646; &#x62D;&#x62C;&#x627;&#x632; ;; Armagan Hejaz /</subfield>
    <subfield code="c">&#x645;&#x62D;&#x645;&#x651;&#x62F; &#x200F;&#x627;&#x642;&#x628;&#x627;&#x644; ;; Muhammad Iqbal</subfield>
  </datafield>
  <datafield tag="250" ind1=" " ind2=" ">
    <subfield code="a">Eighth ed. ;; &#x637;&#x628;&#x639; &#x647;&#x634;&#x62A;&#x645;</subfield>
  </datafield>
  <datafield tag="260" ind1=" " ind2=" ">
    <subfield code="a">&#x644;&#x627;&#x647;&#x648;&#x631; ;; Lahore :</subfield>
    <subfield code="b">&#x634;&#x64A;&#x62E; &#x63A;&#x644;&#x627;&#x645; &#x639;&#x644;&#x649;, ;; Shaik&#x332;h&#x332; G&#x332;h&#x332;ul&#x101;m &#x2BB;Al&#x12B;, </subfield>
    <subfield code="c">1964 ;; &#x6F1;&#x6F9;&#x6F6;&#x6F4;</subfield>
  </datafield>
  <datafield tag="300" ind1=" " ind2=" ">
    <subfield code="a">280 p.  ; &#x635;.</subfield>
    <subfield code="c">19 cm</subfield>
  </datafield>
  <datafield tag="650" ind1=" " ind2=" ">
    <subfield code="a">Persian Poetry ;; &#x67E;&#x627;&#x631;&#x633;&#x6CC;&#x627;&#x646; &#x67E;&#x62A;&#x631;&#x6CC; </subfield>
    <subfield code="9">230</subfield>
  </datafield>
  <datafield tag="942" ind1=" " ind2=" ">
    <subfield code="2">ddc</subfield>
    <subfield code="c">BK</subfield>
  </datafield>
  <datafield tag="999" ind1=" " ind2=" ">
    <subfield code="c">37940</subfield>
    <subfield code="d">37940</subfield>
  </datafield>
  <datafield tag="952" ind1=" " ind2=" ">
    <subfield code="0">0</subfield>
    <subfield code="1">0</subfield>
    <subfield code="2">ddc</subfield>
    <subfield code="4">0</subfield>
    <subfield code="7">1</subfield>
    <subfield code="8">NFIC</subfield>
    <subfield code="a">RUCL</subfield>
    <subfield code="b">RUCL</subfield>
    <subfield code="c">Reading</subfield>
    <subfield code="d">1967-02-23</subfield>
    <subfield code="e">Sh. Mubarak Ali</subfield>
    <subfield code="g">4.50</subfield>
    <subfield code="l">0</subfield>
    <subfield code="o">F 891.551 IQA 1964</subfield>
    <subfield code="r">2021-12-18 00:00:00</subfield>
    <subfield code="t">C-1</subfield>
    <subfield code="w">2021-12-18</subfield>
    <subfield code="y">BK</subfield>
  </datafield>
</record>
